000 00324nam a2200121Ia 4500
008 240624s9999 xx 000 0 und d
041 _aeng
082 _a658.5 BHA
100 _aBHATTACHARYYA DIPAK KUMAR
245 _aPRODUCTION AND OPERATION MANAGEMENT
260 _c2000
_aDelhi
_bExcel Books
300 _av, : 146 : p. : cm. ; 24
999 _c33
_d33